000
00387nam a2200133Ia 4500
008
100328s9999 xx 000 0 und d
082
_b
21715
100
_a
धुमकेतू
245
_a
महा अमात्य
260
_b
वोरा अॅन्ड कंपनी
630
_a
महा अमात्य
730
_a
महा अमात्य
942
_c
BOOK
999
_c
515706
_d
515703